000
00306nmm a2200133 a 4500
003
AR-BaBNM
005
20251128203106.0
008
063119s[s.f ||||||||||||||000 | spa||
040
_c
AR-BaBNM
245
1
0
_a
PsicologĂa del movimiento
260
_a
[S.l.]
_b
[s.n.]
_c
[s.f.]
942
_c
BK
998
_c
Bertuna
999
_c
1849
_d
1849